| 000 | 00385nam a22001457a 4500 | ||
|---|---|---|---|
| 005 | 20240209041626.0 | ||
| 008 | 240209b |||||||| |||| 00| 0 eng d | ||
| 020 | _a02567520 | ||
| 082 |
_222 _a307.72 _bHUN. |
||
| 245 | _aHunger amidst plenty: | ||
| 260 |
_aHong Kong : _bAsian Regional Exchange for new alternatives / _c1998. |
||
| 300 | _aiii, 115. | ||
| 650 | _a safe food. | ||
| 942 | _cL | ||
| 999 |
_c358 _d358 |
||